[Event "Thailand op 11th"]
[Site "Pattaya"]
[Date "2011.04.12"]
[Round "3"]
[White "Filippov, Alexander"]
[Black "Nakvanich, Sahapol"]
[Result "1-0"]
[WhiteElo "2264"]
[BlackElo "1884"]
[PlyCount "75"]
[EventDate "2011.04.11"]
[EventType "swiss"]
[EventRounds "9"]
[EventCountry "THA"]
[SourceTitle "CBM 141 Extra"]
[Source "ChessBase"]
[SourceDate "2011.05.03"]
[SourceVersion "1"]
[SourceVersionDate "2011.05.03"]
[SourceQuality "1"]

1. e4 e5 2. Nf3 Nc6 3. Bb5 a6 4. Bxc6 dxc6 5. 0-0 Qf6 6. h3 Bd7 7. c3 h6 8. d4 exd4 9. cxd4 0-0-0 10. Nc3 Ne7 11. Ne5 Be6 12. f4 Kb8 13. Be3 Bc8 14. Qb3 Be6 15. Qc2 g6 16. d5 cxd5 17. Bd4 Qh4 18. Nf3 Qxf4 19. Bxh8 Nc6 20. Nxd5 Bxd5 21. exd5 Nb4 22. Qc3 Nxd5 23. Qd4 Qe3+ 24. Qxe3 Nxe3 25. Rfc1 Bd6 26. Bd4 Nf5 27. Be5 Ng3 28. Rc2 g5 29. Kh2 Nh5 30. Re1 Nf4 31. Bxd6 Rxd6 32. Re8+ Ka7 33. Rxc7 f5 34. Ree7 Rb6 35. Rc2 g4 36. Nd4 Nd5 37. Rd7 Ne3 38. Nc6+ 1-0

[Event "Thailand op 11th"]
[Site "Pattaya"]
[Date "2011.04.12"]
[Round "2"]
[White "Lee Kah Meng, Elgin"]
[Black "Filippov, Alexander"]
[Result "1-0"]
[WhiteElo "1904"]
[BlackElo "2264"]
[PlyCount "53"]
[EventDate "2011.04.11"]
[EventType "swiss"]
[EventRounds "9"]
[EventCountry "THA"]
[SourceTitle "CBM 141 Extra"]
[Source "ChessBase"]
[SourceDate "2011.05.03"]
[SourceVersion "1"]
[SourceVersionDate "2011.05.03"]
[SourceQuality "1"]

1. d4 Nf6 2. c4 c6 3. Nc3 d5 4. Nf3 a6 5. a4 a5 6. e3 Na6 7. Bd3 Nb4 8. 0-0 Bg4 9. Bb1 dxc4 10. e4 e6 11. Be3 Be7 12. h3 Bh5 13. g4 Bg6 14. Ne5 Nd7 15. Nxc4 0-0 16. Qd2 f5 17. d5 fxe4 18. d6 Bf6 19. Nxe4 Nd5 20. Nxf6+ Qxf6 21. Bg5 Qf3 22. Bxg6 hxg6 23. Qe1 Rae8 24. Ne5 Qxh3 25. Ra3 Nf4 26. Rxh3 Nxh3+ 27. Kg2 1-0

[Event "Sibiria Region-ch"]
[Site "Novosibirsk"]
[Date "2003.??.??"]
[Round "5"]
[White "Sambursky, Vladimir"]
[Black "Filippov, Alexander"]
[Result "0-1"]
[WhiteElo "2341"]
[BlackElo "2261"]
[PlyCount "56"]
[EventDate "2003.05.??"]
[EventType "swiss"]
[EventRounds "9"]
[EventCountry "RUS"]
[SourceTitle "EXT 2008"]
[Source "ChessBase"]
[SourceDate "2007.11.25"]
[SourceVersion "1"]
[SourceVersionDate "2007.11.25"]
[SourceQuality "1"]

1. e4 c5 2. Nf3 d6 3. d4 cxd4 4. Nxd4 Nf6 5. Nc3 Nc6 6. Bc4 e6 7. Bb3 Be7 8. Be3 0-0 9. Qe2 a6 10. 0-0 Nd7 11. Rad1 Qc7 12. f4 Nc5 13. f5 Bf6 14. Kh1 Bd7 15. Qg4 Nxb3 16. axb3 Rac8 17. Qg3 Nb4 18. Bf4 e5 19. Bh6 Kh8 20. Bxg7+ Bxg7 21. f6 Rg8 22. Qh4 exd4 23. Rxd4 Qb6 24. e5 Nxc2 25. Rxd6 Bc6 26. Nd5 Qb5 27. fxg7+ Rxg7 28. Qe4 Bxd5 0-1